| 000 | 01483nam a2200397 i 4500 | ||
|---|---|---|---|
| 001 | 12023 | ||
| 003 | KOSZ 005 | ||
| 005 | 20240405063011.0 | ||
| 008 | 080611s1961 pl a g 001 0 pol | ||
| 015 | _aPB 1961/4200 | ||
| 040 |
_aWA N _cWA N _dKOSZ 005/RW _dKOSZ 005/HR |
||
| 046 | _k1961 | ||
| 080 | _a329(438) | ||
| 100 | 1 |
_aJarecka-Kimlowska, Stanisława _eAutor |
|
| 245 | 1 | 0 |
_aNiezależna Partia Chłopska : _b[1924-1927] / _cStanisława Jarecka ; wstęp Witold Stankiewicz ; [oprac. graf. Karol Syta]. |
| 260 |
_aWarszawa : _bLudowa Spółdzielnia Wydawnicza, _c1961. |
||
| 300 |
_a184, [4] s., [13] k. tabl. _bil. ; _c21 cm. |
||
| 336 |
_2rdacontent _aTekst _btxt |
||
| 337 |
_2rdamedia _aBez urządzenia pośredniczącego _bn |
||
| 338 |
_2rdacarrier _aWolumin _bnc |
||
| 380 | _aKsiążki | ||
| 388 | _a1901-2000 | ||
| 388 | _a1945-1989 | ||
| 504 | _aBibliogr. s. 180-[182]. Indeks. | ||
| 610 | 2 | 4 | _aNiezależna Partia Chłopska |
| 648 | 4 | _a1901-2000 | |
| 648 | 4 | _a1918-1939 | |
| 650 | 4 | _aPartie polityczne | |
| 651 | 7 | _aPolska | |
| 658 | _aPolityka, politologia, administracja publiczna | ||
| 700 | 1 |
_aStankiewicz, Witold _d(1919-2019) _ePrzedmowa |
|
| 700 | 1 |
_aSyta, Karol _d(1931-2017) _eIlustracje |
|
| 710 | 2 |
_aLudowa Spółdzielnia Wydawnicza _4pbl. |
|
| 856 |
_uhttp://koha.tu.koszalin.pl/cgi-bin/koha/opac-detail.pl?biblionumber=12023 _yKatalog online BPK |
||
| 942 |
_2UKD _cKS |
||
| 999 |
_c12023 _d12023 |
||